<?xml version="1.0" encoding="UTF-8"?>
<collection xmlns="http://www.loc.gov/MARC21/slim">
 <record>
  <leader>     na                 </leader>
  <controlfield tag="001">INLIS000000000014920</controlfield>
  <controlfield tag="005">20251028030546</controlfield>
  <datafield tag="035" ind1=" " ind2=" ">
   <subfield code="a">0010-1025000060</subfield>
  </datafield>
  <datafield tag="245" ind1="1" ind2=" ">
   <subfield code="a">Aneka ide desain arsitektur rumah tinggal dan rumah toko (ruko) :</subfield>
   <subfield code="b">architecture idea book /</subfield>
   <subfield code="c">Yohanes Christianto Johan</subfield>
  </datafield>
  <datafield tag="100" ind1="0" ind2=" ">
   <subfield code="a">Yohanes Christianto Johan</subfield>
  </datafield>
  <datafield tag="300" ind1=" " ind2=" ">
   <subfield code="a">vi, 82 hlm.; 28 cm. :</subfield>
   <subfield code="b">Ilustrasi berwarna</subfield>
  </datafield>
  <datafield tag="700" ind1="0" ind2=" ">
   <subfield code="a">L. Mayasari (editor)</subfield>
  </datafield>
  <datafield tag="260" ind1=" " ind2=" ">
   <subfield code="a">Yogyakarta :</subfield>
   <subfield code="b">Andi,</subfield>
   <subfield code="c">2018</subfield>
  </datafield>
  <datafield tag="082" ind1=" " ind2=" ">
   <subfield code="a">729</subfield>
  </datafield>
  <datafield tag="084" ind1=" " ind2=" ">
   <subfield code="a">729 YOH a</subfield>
  </datafield>
  <datafield tag="020" ind1=" " ind2=" ">
   <subfield code="a">978-979-29-7007-4</subfield>
  </datafield>
  <datafield tag="650" ind1=" " ind2=" ">
   <subfield code="a">Desain arsitektur</subfield>
  </datafield>
  <datafield tag="520" ind1=" " ind2=" ">
   <subfield code="a">Buku desain rumah ini merupakan kumpulan dari ide desain rumah yang dihasilkan berdasarkan proses diskusi dengan pemilik, sehingga ide desain rumah yang ditampilkan berusaha menjawab kebutuhan dan kekhasan dari masing-masing pemilik. Penulis berusaha menampilkan analisa lebih dalam mengenai kebutuhan ruang yang berbeda untuk setiap penghuninya untuk kemudian menampilkan desain bangunan dan menjabarkannya dalam analisa denah dan perspektif. &#13;
&#13;
Secara lengkap dalam buku ini juga dibahas mengenai data tanah, apa saja keinginan pemilik, serta analisa alternatif desain dari program ruang hingga bentuk pengubahan 3 dimensi. Materi-materi dalam buku ini sekaligus dapat menjadi studi kasus yang menarik dalam proses perancangan bangunan berdasarkan kebutuhan masing-masing pemilik. Dengan begitu, buku ini menjadi salah satu media yang bisa memberi inspirasi dalam pembangunan atau renovasi rumah tinggal maupun rumah toko.</subfield>
  </datafield>
  <controlfield tag="008">251028                d          0 ind  </controlfield>
  <datafield tag="990" ind1=" " ind2=" ">
   <subfield code="a">025.4403/PC/25</subfield>
  </datafield>
  <datafield tag="990" ind1=" " ind2=" ">
   <subfield code="a">025.4404/PC/25</subfield>
  </datafield>
  <datafield tag="990" ind1=" " ind2=" ">
   <subfield code="a">025.4405/PC/25</subfield>
  </datafield>
 </record>
</collection>
